| 000 | 00816nam a2200217Ii 4500 | ||
|---|---|---|---|
| 003 | JO-AjNU | ||
| 008 | 230605s9999||||xx |||||||||||||| ||und|| | ||
| 017 | _a1433/1389 | ||
| 020 | _a978-9960-14-207-4 | ||
| 040 |
_aJO-AjNU _bara _erda _cJO-AjNU |
||
| 041 | _aara | ||
| 050 | 1 | 4 | _aHD62.35.2012 |
| 100 | 3 |
_aشعبان، محمد حسن, _eauthor _944059 |
|
| 245 | 0 | 0 | _aالادارة الحديثة للمشاريع باستخدام القيم المكتسبة(المفهوم والتطبيق) |
| 264 | 3 | 1 | _aالرياض:معهد الادارة العامة،2012 |
| 300 | _a422ص | ||
| 336 |
_atext _btxt _2rdacontent |
||
| 337 |
_aunmediated _bn _2rdamedia |
||
| 338 |
_avolume _bnc _2rdacarrier |
||
| 650 | 4 |
_aادارة المشروعات-المشروعات الهندسية-تنظيم الادارة _944060 |
|
| 999 |
_aA18992 _c22560 _d22560 |
||